| 000 | 00395nam a22001697a 4500 | ||
|---|---|---|---|
| 003 | OSt | ||
| 005 | 20211123101912.0 | ||
| 008 | 211123b |||||||| |||| 00| 0 eng d | ||
| 020 | _a9789381293478 | ||
| 040 | _chu | ||
| 082 | _a910.01 | ||
| 100 |
_akathuria c,d _919991 |
||
| 245 | _ahistory of geographic thought | ||
| 260 |
_anew delhi _bhall _c2011 |
||
| 300 | _a296 | ||
| 942 |
_2ddc _cBOOKS _n0 |
||
| 999 |
_c19655 _d19655 |
||